Izbrannyje Proizvedenija /

Uložené v:
Podrobná bibliografia
Hlavný autor: Zybelin, S. G. (Author)
Médium: Kniha
Jazyk:Russian
Vydané: Moskva : Megdiz, 1954.
Vydanie:1. izd.
ISBN: viaz.
Fyzický popis: 220 s.
Tagy: Pridať tag
Žiadne tagy, Buďte prvý kto otaguje tento záznam!

MARC

LEADER 00000nam a2200000 a 4500
001 000118613
005 20091031192955.0
008 040101s1954 ru e ruso
020 |a viaz. 
040 |a SVKKK  |b slo  |c SVKKK  |e AACR2 
041 0 |a rus 
044 |a ru  |c RU 
100 0 |a Zybelin, S. G.  |4 aut 
245 1 0 |a Izbrannyje Proizvedenija /  |c S. G. Zybelin. 
250 |a 1. izd. 
260 |a Moskva :  |b Megdiz,  |c 1954. 
300 |a 220 s. 
910 |a svkkk 
998 |a BK 
090 |g SCKHL  |k Sklad Pribinova 2. posch.  |a II.20849  |j 80348  |i 118613-10  |s Prezenčne